000
00337nam a22001457a 4500
008
181011b xxu||||| |||| 00| 0 eng d
020
_a
030642536X
041
_a
eng
080
_a
159.9
_b
159.9 LAH
082
_a
159.9
100
_a
48
101
_a
PSI
245
_a
Advances in clinical child psychology
_c
LAH. B.B
942
_2
udc
_c
BK
999
_c
49341
_d
49341